| 000 | 00537cam a2200193 4500 | ||
|---|---|---|---|
| 001 | WB3708-21 | ||
| 008 | 000000n2001 000 0 eng u | ||
| 035 | _a(Sirsi) u111105 | ||
| 245 | _aNew Head of faculties and forums | ||
| 260 | _c2001 | ||
| 490 |
_aRICS Press Release _v(pr022) 21 February 2001, 1 |
||
| 520 | _aKate Alcock has joined the RICS as Head of Faculties and Forums. | ||
| 590 | _aWB | ||
| 650 | _aRICS | ||
| 650 | _aRICS FACULTIES AND FORUMS | ||
| 650 | _aAGENDA FOR CHANGE | ||
| 690 | _aRICS NEWS | ||
| 942 | _n0 | ||
| 999 |
_c66194 _d66194 |
||